00515cam a2200193 450000100030000000800390000301000130004202000150005504300120007005000270008210000290010924500320013825000120017026000330018230000210021565000260023665100300026265500290029223980122s1998 nyu 000 1 eng a98011222 a0786863706 an-us-ny00aPR6061.E5956bJ63 19981 aKennedy, Douglas,d1955-14aThe job /cDouglas Kennedy. a1st ed. aNew York :bHyperion,c1998. a387 p. ;c25 cm. 0aBusinessmenvFiction. 0aNew York (N.Y.)vFiction. 7aMystery fiction.2gsafd.